000 00294nam a22001337a 4500
008 170814b xxu||||| |||| 00| 0 eng d
020 _a9780026846950
041 _aeng
080 _a51
100 _a36
101 _aMAT
245 _aCONNECTING MATH CONCEPTS
_cJAMES.C
942 _2udc
_cBK
999 _c23378
_d23378